<?xml version="1.0" encoding="UTF-8"?>
<record
    xmlns:xsi="http://www.w3.org/2001/XMLSchema-instance"
    xsi:schemaLocation="http://www.loc.gov/MARC21/slim http://www.loc.gov/standards/marcxml/schema/MARC21slim.xsd"
    xmlns="http://www.loc.gov/MARC21/slim">

  <leader>01023nam a22002177a 4500</leader>
  <controlfield tag="005">20230627150028.0</controlfield>
  <controlfield tag="008">230602b           ||||| |||| 00| 0 eng d</controlfield>
  <datafield tag="020" ind1=" " ind2=" ">
    <subfield code="a">9780330347747</subfield>
  </datafield>
  <datafield tag="040" ind1=" " ind2=" ">
    <subfield code="c">AL</subfield>
  </datafield>
  <datafield tag="041" ind1=" " ind2=" ">
    <subfield code="a">English</subfield>
  </datafield>
  <datafield tag="082" ind1=" " ind2=" ">
    <subfield code="2">23</subfield>
    <subfield code="a">153.852</subfield>
    <subfield code="b">SPEH</subfield>
  </datafield>
  <datafield tag="100" ind1=" " ind2=" ">
    <subfield code="a">Gerry Spence</subfield>
    <subfield code="9">124943</subfield>
  </datafield>
  <datafield tag="245" ind1=" " ind2=" ">
    <subfield code="a">How to argue and win every time: At Home  At WorK  In Court  Everywhere  Every day</subfield>
  </datafield>
  <datafield tag="260" ind1=" " ind2=" ">
    <subfield code="a">London</subfield>
    <subfield code="b">Pan Books</subfield>
    <subfield code="c">1995</subfield>
  </datafield>
  <datafield tag="300" ind1=" " ind2=" ">
    <subfield code="a">x,307 p.</subfield>
    <subfield code="b">PB</subfield>
    <subfield code="c">19.5x13 cm.</subfield>
  </datafield>
  <datafield tag="520" ind1=" " ind2=" ">
    <subfield code="a">How to Argue and Win Every Time is a book that teaches you how to argue in everyday life - at home, in the bedroom, with the boss, with teachers, and with your kids. But it is also a book with sweeping implications for American society, for at its heart, it proposes a new philosophy - that winning is not what you think it is and that your enemy's loss may be your loss as well.</subfield>
  </datafield>
  <datafield tag="650" ind1=" " ind2=" ">
    <subfield code="a">Persuasion (Psychology)</subfield>
    <subfield code="9">118903</subfield>
  </datafield>
  <datafield tag="650" ind1=" " ind2=" ">
    <subfield code="a">Interpersonal communication</subfield>
    <subfield code="9">118904</subfield>
  </datafield>
  <datafield tag="700" ind1=" " ind2=" ">
    <subfield code="a">SPENCE (Gerry)</subfield>
    <subfield code="9">118905</subfield>
  </datafield>
  <datafield tag="942" ind1=" " ind2=" ">
    <subfield code="2">ddc</subfield>
    <subfield code="c">DB</subfield>
  </datafield>
  <datafield tag="999" ind1=" " ind2=" ">
    <subfield code="c">227384</subfield>
    <subfield code="d">227384</subfield>
  </datafield>
  <datafield tag="952" ind1=" " ind2=" ">
    <subfield code="0">0</subfield>
    <subfield code="1">0</subfield>
    <subfield code="2">ddc</subfield>
    <subfield code="4">0</subfield>
    <subfield code="7">0</subfield>
    <subfield code="8">PSY</subfield>
    <subfield code="a">AL</subfield>
    <subfield code="b">AL</subfield>
    <subfield code="d">2023-05-31</subfield>
    <subfield code="l">1</subfield>
    <subfield code="o">153.852 SPEH</subfield>
    <subfield code="p">D04899</subfield>
    <subfield code="r">2025-08-22 10:30:49</subfield>
    <subfield code="s">2025-08-13</subfield>
    <subfield code="w">2023-06-02</subfield>
    <subfield code="y">DB</subfield>
    <subfield code="z">Donated by V.T. Rajshekar</subfield>
  </datafield>
</record>
